[Event "Online Olym Div3 E"]
[Site "Chess.com INT"]
[Date "2020.08.09"]
[Round "7.4"]
[White "Farley, Terry"]
[Black "Ibarra Chami, Luis Fernando"]
[Result "0-1"]
[WhiteElo "2219"]
[BlackElo "2447"]
[PlyCount "94"]
[EventDate "2020.08.07"]
[EventType "team-tourn (rapid)"]
[EventRounds "9"]
[EventCountry "USA"]
[SourceTitle "CBM 198"]
[Source "ChessBase"]
[SourceDate "2020.10.31"]
[SourceVersion "1"]
[SourceVersionDate "2020.10.31"]
[SourceQuality "1"]
[WhiteTeam "Barbados"]
[BlackTeam "Mexico"]
[WhiteTeamCountry "BAR"]
[BlackTeamCountry "MEX"]

1. c4 e6 2. g3 d5 3. Bg2 Nf6 4. Nf3 dxc4 5. Qa4+ Nbd7 6. Qxc4 a6 7. Qc2 c5 8. 0-0 Be7 9. b3 0-0 10. Bb2 Ra7 11. d4 b6 12. Ne5 Nxe5 13. dxe5 Nd5 14. Nd2 Rd7 15. Rfd1 Bb7 16. a3 b5 17. Ne4 Qb6 18. Rd2 c4 19. bxc4 Ne3 20. Rxd7 Nxc2 21. Rxb7 Qxb7 22. Nf6+ gxf6 23. Bxb7 Nxa1 24. exf6 Bd6 25. cxb5 Nb3 26. bxa6 Bc5 27. Bc3 Nd4 28. Bb4 Bxb4 29. axb4 Nb5 30. Bc6 Na7 31. b5 Nxc6 32. bxc6 Ra8 33. c7 Kf8 34. Kg2 Ke8 35. Kh3 Kd7 36. Kh4 Rxa6 37. Kh5 Ra2 38. Kh6 Rxe2 39. Kg7 Rxf2 40. h4 e5 41. Kxf7 e4 42. g4 e3 43. g5 e2 44. h5 e1Q 45. c8Q+ Kxc8 46. g6 Kd7 47. Kg7 Qe5 0-1

[Event "Online Olym Div3 E"]
[Site "Chess.com INT"]
[Date "2020.08.08"]
[Round "6.2"]
[White "Farley, Terry"]
[Black "Chavez, Hector Eduardo"]
[Result "1-0"]
[WhiteElo "2219"]
[BlackElo "2110"]
[PlyCount "67"]
[EventDate "2020.08.07"]
[EventType "team-tourn (rapid)"]
[EventRounds "9"]
[EventCountry "USA"]
[SourceTitle "CBM 198"]
[Source "ChessBase"]
[SourceDate "2020.10.31"]
[SourceVersion "1"]
[SourceVersionDate "2020.10.31"]
[SourceQuality "1"]
[WhiteTeam "Barbados"]
[BlackTeam "El Salvador"]
[WhiteTeamCountry "BAR"]
[BlackTeamCountry "ESA"]

1. c4 e5 2. Nc3 Nc6 3. g3 g6 4. Bg2 Bg7 5. Nf3 d6 6. 0-0 f5 7. d3 Nf6 8. Rb1 0-0 9. b4 h6 10. Nd2 f4 11. b5 Ne7 12. a4 g5 13. a5 Rb8 14. Ba3 Nf5 15. Nde4 Ng4 16. Nd5 h5 17. h3 Nf6 18. Nxg5 fxg3 19. fxg3 Nxg3 20. Rf2 h4 21. d4 Ng4 22. Rxf8+ Bxf8 23. hxg4 Qxg5 24. dxe5 Qxg4 25. Nf6+ Kf7 26. Nxg4 Bxg4 27. Rb2 Bg7 28. Bd5+ Ke7 29. exd6+ cxd6 30. Rd2 Be5 31. Bf3 Be6 32. Bxd6+ Bxd6 33. Rxd6 Rg8 34. Rxe6+ 1-0

[Event "San Salvador zt 2.3"]
[Site "San Salvador"]
[Date "2017.05.29"]
[Round "7"]
[White "Farley, Terry"]
[Black "Pilarte, Rene"]
[Result "1-0"]
[WhiteElo "2229"]
[BlackElo "2139"]
[PlyCount "63"]
[EventDate "2017.05.26"]
[EventType "swiss"]
[EventRounds "9"]
[EventCountry "ESA"]
[SourceTitle "CBM 178 Extra"]
[Source "ChessBase"]
[SourceDate "2017.06.22"]
[SourceVersion "1"]
[SourceVersionDate "2017.06.22"]
[SourceQuality "1"]

1. c4 Nf6 2. Nc3 g6 3. g3 Bg7 4. Bg2 0-0 5. Nf3 d6 6. 0-0 e5 7. d3 Re8 8. Bg5 h6 9. Bxf6 Bxf6 10. Rb1 c6 11. Nd2 a5 12. a3 Be6 13. e3 Bg7 14. Qa4 Nd7 15. Rfd1 f5 16. Qb3 Qc7 17. Rbc1 b5 18. e4 Nc5 19. Qc2 b4 20. axb4 axb4 21. Ne2 Ra2 22. Nb3 Rea8 23. d4 Nxe4 24. dxe5 Bxe5 25. Ned4 Bf7 26. Bxe4 fxe4 27. Qxe4 Rxb2 28. Nxc6 Raa2 29. Nxb4 Re2 30. Qg4 Rab2 31. Nd3 Rxb3 32. Qxe2 1-0

[Event "San Salvador zt 2.3"]
[Site "San Salvador"]
[Date "2017.05.28"]
[Round "4"]
[White "Chavez, Hector Eduardo"]
[Black "Farley, Terry"]
[Result "1-0"]
[WhiteElo "2112"]
[BlackElo "2229"]
[PlyCount "59"]
[EventDate "2017.05.26"]
[EventType "swiss"]
[EventRounds "9"]
[EventCountry "ESA"]
[SourceTitle "CBM 178 Extra"]
[Source "ChessBase"]
[SourceDate "2017.06.22"]
[SourceVersion "1"]
[SourceVersionDate "2017.06.22"]
[SourceQuality "1"]

1. e4 e5 2. Nf3 Nc6 3. Bc4 Bc5 4. c3 d6 5. d4 exd4 6. cxd4 Bb6 7. h3 Nf6 8. Nc3 Nxe4 9. Nxe4 d5 10. Bg5 Ne7 11. Nf6+ gxf6 12. Bxf6 Rg8 13. Bd3 Qd6 14. Be5 Qe6 15. Bxh7 f6 16. Bxg8 Nxg8 17. 0-0 fxe5 18. Nxe5 Qf5 19. Re1 Ne7 20. Ng4 Kd8 21. Re5 Qf7 22. Qd2 Bf5 23. Nh6 Qf6 24. Nxf5 Nxf5 25. Qf4 Nd6 26. Qxf6+ Kd7 27. Qe7+ Kc8 28. Rc1 Kb8 29. Qf8+ Nc8 30. Re8 1-0

[Event "Olympiad-42"]
[Site "Baku"]
[Date "2016.09.11"]
[Round "9.4"]
[White "Schenaoui, Nabil"]
[Black "Farley, Terry"]
[Result "0-1"]
[WhiteElo "2150"]
[BlackElo "2203"]
[PlyCount "64"]
[EventDate "2016.09.02"]
[EventType "team-swiss"]
[EventRounds "11"]
[EventCountry "AZE"]
[SourceTitle "CBM 175"]
[Source "ChessBase"]
[SourceDate "2016.11.10"]
[SourceVersion "1"]
[SourceVersionDate "2016.11.10"]
[SourceQuality "1"]
[WhiteTeam "Tunisia"]
[BlackTeam "Barbados"]
[WhiteTeamCountry "TUN"]
[BlackTeamCountry "BAR"]

1. d4 Nf6 2. Bf4 g6 3. e3 Bg7 4. Nf3 d6 5. Be2 0-0 6. h3 Nc6 7. 0-0 Nd7 8. c3 e5 9. Bg5 f6 10. Bh4 g5 11. Bg3 f5 12. dxe5 dxe5 13. Qd5+ Kh8 14. Na3 Qe7 15. Rfe1 Nb6 16. Qd2 Be6 17. Bb5 Bd5 18. Qe2 e4 19. Nd2 f4 20. exf4 gxf4 21. Bh2 Rae8 22. c4 Nd4 23. Qf1 e3 24. Qd3 exf2+ 25. Kxf2 Qh4+ 26. Kf1 f3 27. Nxf3 Nxf3 28. Rxe8 Nxh2+ 29. Ke2 Qf2+ 30. Kd1 Rxe8 31. Bxe8 Nf1 32. Nc2 Be4 0-1

[Event "Olympiad-42"]
[Site "Baku"]
[Date "2016.09.04"]
[Round "3.4"]
[White "Illingworth, Max"]
[Black "Farley, Terry"]
[Result "1-0"]
[WhiteElo "2458"]
[BlackElo "2203"]
[PlyCount "71"]
[EventDate "2016.09.02"]
[EventType "team-swiss"]
[EventRounds "11"]
[EventCountry "AZE"]
[SourceTitle "CBM 175"]
[Source "ChessBase"]
[SourceDate "2016.11.10"]
[SourceVersion "1"]
[SourceVersionDate "2016.11.10"]
[SourceQuality "1"]
[WhiteTeam "Australia"]
[BlackTeam "Barbados"]
[WhiteTeamCountry "AUS"]
[BlackTeamCountry "BAR"]

1. e4 c5 2. Nf3 d6 3. d4 cxd4 4. Nxd4 Nf6 5. Nc3 a6 6. Bg5 e6 7. f4 Qc7 8. Qe2 Nbd7 9. 0-0-0 Be7 10. g4 b5 11. a3 Bb7 12. f5 e5 13. Bxf6 gxf6 14. Nb3 Rc8 15. h4 Nb6 16. Rh3 Nc4 17. Nd5 Bxd5 18. exd5 Rg8 19. Qe4 h5 20. gxh5 Bf8 21. Kb1 Bh6 22. Ka2 Kf8 23. Rc3 Rg1 24. Bxc4 Rxd1 25. Be2 Qxc3 26. bxc3 Re1 27. Qf3 e4 28. Qf2 Rh1 29. Qg3 e3 30. Qxd6+ Kg7 31. Kb2 Kh7 32. Qxf6 Rg8 33. Qxf7+ Rg7 34. Qe6 Rxh4 35. f6 Rg5 36. Bd3+ 1-0

[Event "Bridgetown sub zt 2.3.5"]
[Site "Bridgetown"]
[Date "2016.04.30"]
[Round "4"]
[White "Farley, Terry"]
[Black "Cupid, Kevin"]
[Result "1-0"]
[WhiteElo "2225"]
[BlackElo "2170"]
[PlyCount "79"]
[EventDate "2016.04.28"]
[EventType "swiss"]
[EventRounds "9"]
[EventCountry "BAR"]
[SourceTitle "CBM 172 Extra"]
[Source "ChessBase"]
[SourceDate "2016.06.21"]
[SourceVersion "1"]
[SourceVersionDate "2016.06.21"]
[SourceQuality "1"]

1. c4 g6 2. g3 Bg7 3. Bg2 e5 4. Nc3 Ne7 5. Nf3 0-0 6. 0-0 Nbc6 7. d3 h6 8. Rb1 b6 9. b4 Bb7 10. Nd2 Qc8 11. e3 a5 12. b5 Nb4 13. Bxb7 Qxb7 14. Qe2 e4 15. d4 f5 16. Ba3 c5 17. bxc6 dxc6 18. Na4 c5 19. dxc5 bxc5 20. Nxc5 Qc8 21. Ndb3 Nec6 22. Rfd1 Ne5 23. Rd6 Re8 24. Bxb4 axb4 25. Rbd1 Ra7 26. Kg2 Bf8 27. R6d5 Rc7 28. Qb2 Bg7 29. Qd2 Nxc4 30. Qxb4 Nb2 31. R1d2 f4 32. exf4 Qg4 33. Rd8 Qf3+ 34. Kg1 Rce7 35. Rxe8+ Rxe8 36. Qb5 Ra8 37. Qc6 Rxa2 38. Qxg6 Nd3 39. Nxe4 Rxd2 40. Nf6+ 1-0

[Event "Paramaribo Srefidensi 3rd"]
[Site "Paramaribo"]
[Date "2015.11.22"]
[Round "5"]
[White "Van Haastert, Edwin"]
[Black "Farley, Terry"]
[Result "1-0"]
[WhiteElo "2454"]
[BlackElo "2233"]
[PlyCount "89"]
[EventDate "2015.11.20"]
[EventType "swiss"]
[EventRounds "9"]
[EventCountry "SUR"]
[SourceTitle "CBM 169 Extra"]
[Source "ChessBase"]
[SourceDate "2015.12.18"]
[SourceVersion "1"]
[SourceVersionDate "2015.12.18"]
[SourceQuality "1"]

1. e4 c5 2. Nf3 d6 3. d4 cxd4 4. Nxd4 Nf6 5. Nc3 a6 6. Bg5 e6 7. f4 Qc7 8. Qf3 b5 9. Bxf6 gxf6 10. a3 Bb7 11. 0-0-0 h5 12. Be2 Nd7 13. Qh3 0-0-0 14. f5 e5 15. Ne6 fxe6 16. fxe6 Bh6+ 17. Kb1 Nc5 18. e7+ Kb8 19. exd8Q+ Qxd8 20. Qf3 h4 21. Rhe1 Ne6 22. Nd5 Nd4 23. Qxf6 Bxd5 24. Qxd8+ Rxd8 25. exd5 Bf4 26. c3 Nxe2 27. Rxe2 Bxh2 28. Rf1 Bf4 29. Kc2 Kb7 30. a4 Kb6 31. axb5 axb5 32. b4 Rg8 33. Rh1 Rg4 34. Ra1 e4 35. Ra8 Be5 36. Rb8+ Kc7 37. Rxb5 Rg3 38. Rxe4 Rxg2+ 39. Kb3 h3 40. Rc4+ Kd8 41. Rb8+ Kd7 42. Rb7+ Kd8 43. Rh7 h2 44. b5 Rg1 45. Ra4 1-0

[Event "Olympiad-40"]
[Site "Istanbul"]
[Date "2012.09.07"]
[Round "10.3"]
[White "Boydia, Sidi"]
[Black "Farley, Terry"]
[Result "0-1"]
[WhiteElo "2024"]
[BlackElo "2255"]
[PlyCount "100"]
[EventDate "2012.08.28"]
[EventType "team-swiss"]
[EventRounds "11"]
[EventCountry "TUR"]
[SourceTitle "CBM 151"]
[Source "ChessBase"]
[SourceDate "2012.11.13"]
[SourceVersion "1"]
[SourceVersionDate "2012.11.13"]
[SourceQuality "1"]
[WhiteTeam "Mauritania"]
[BlackTeam "Barbados"]
[WhiteTeamCountry "MAU"]
[BlackTeamCountry "BAR"]

1. e4 c5 2. Nf3 d6 3. g3 g6 4. Bg2 Bg7 5. 0-0 Nc6 6. d3 e5 7. c3 Nge7 8. Be3 0-0 9. Qd2 f5 10. Bh6 Be6 11. Na3 Qd7 12. Bxg7 Kxg7 13. Ng5 Bg8 14. f4 h6 15. Nh3 d5 16. exf5 Nxf5 17. fxe5 Nxe5 18. Rae1 Rae8 19. Nf4 d4 20. Nc2 g5 21. Nh3 Kh8 22. c4 Ng4 23. Rxe8 Rxe8 24. Nxg5 Nfe3 25. Ne4 Nxf1 26. Bxf1 Bh7 27. Bg2 Bxe4 28. Bxe4 Rf8 29. h3 Qf7 30. Qf4 Qxf4 31. gxf4 Ne3 32. Nxe3 dxe3 33. f5 Kg7 34. Kf1 Kf6 35. Ke2 Ke5 36. Kxe3 h5 37. b4 b6 38. b5 h4 39. a4 Rg8 40. f6 Rg3+ 41. Bf3 Kxf6 42. Ke4 Rxh3 43. d4 cxd4 44. c5 bxc5 45. a5 Rh2 46. Kd5 Rb2 47. Kxc5 Ke5 48. b6 axb6+ 49. axb6 d3 50. b7 d2 0-1

[Event "Bridgetown Heroes Day"]
[Site "Bridgetown"]
[Date "2012.05.01"]
[Round "10"]
[White "Farley, Terry"]
[Black "Zapata, Alonso"]
[Result "0-1"]
[WhiteElo "2250"]
[BlackElo "2485"]
[PlyCount "70"]
[EventDate "2012.04.27"]
[EventType "tourn"]
[EventRounds "10"]
[EventCountry "BAR"]
[EventCategory "2"]
[SourceTitle "CBM 148 Extra"]
[Source "ChessBase"]
[SourceDate "2012.06.22"]
[SourceVersion "1"]
[SourceVersionDate "2012.06.22"]
[SourceQuality "1"]

1. c4 g6 2. Nc3 Bg7 3. g3 e5 4. Bg2 Nc6 5. d3 Nf6 6. Nf3 0-0 7. 0-0 d6 8. Rb1 a5 9. a3 h6 10. b4 axb4 11. axb4 Be6 12. b5 Ne7 13. Qb3 Qd7 14. Re1 Bh3 15. Bh1 Ng4 16. Ba3 Rab8 17. Nd2 b6 18. Bb2 Kh7 19. Ra1 f5 20. Bf3 h5 21. Ra7 h4 22. Nd5 Nxd5 23. cxd5 Ra8 24. Rea1 Rxa7 25. Rxa7 Rf7 26. Bc3 Qd8 27. Qc4 hxg3 28. hxg3 Nh6 29. Qc6 Qe7 30. Bb4 e4 31. dxe4 f4 32. e5 fxg3 33. fxg3 Bxe5 34. Ne4 Bxg3 35. Bd2 Qxe4 0-1

[Event "Bridgetown Heroes Day"]
[Site "Bridgetown"]
[Date "2012.04.30"]
[Round "8"]
[White "Farley, Terry"]
[Black "Del Castilho, Martyn Simon"]
[Result "1/2-1/2"]
[WhiteElo "2250"]
[BlackElo "2218"]
[PlyCount "41"]
[EventDate "2012.04.27"]
[EventType "tourn"]
[EventRounds "10"]
[EventCountry "BAR"]
[EventCategory "2"]
[SourceTitle "CBM 148 Extra"]
[Source "ChessBase"]
[SourceDate "2012.06.22"]
[SourceVersion "1"]
[SourceVersionDate "2012.06.22"]
[SourceQuality "1"]

1. c4 Nf6 2. Nc3 d5 3. cxd5 Nxd5 4. g3 g6 5. Bg2 Nb6 6. Nf3 Bg7 7. 0-0 Nc6 8. d3 0-0 9. Be3 e5 10. Qc1 Re8 11. Re1 Nd4 12. b4 c6 13. Rb1 Bg4 14. Nd2 Nd5 15. Bxd4 exd4 16. Nxd5 cxd5 17. Nf3 Qc8 18. Qf4 Qf5 19. Qc7 Qd7 20. Qf4 Qf5 21. Qc7 1/2-1/2

[Event "Bridgetown Heroes Day"]
[Site "Bridgetown"]
[Date "2012.04.28"]
[Round "3"]
[White "Del Castilho, Martyn Simon"]
[Black "Farley, Terry"]
[Result "0-1"]
[WhiteElo "2218"]
[BlackElo "2250"]
[PlyCount "68"]
[EventDate "2012.04.27"]
[EventType "tourn"]
[EventRounds "10"]
[EventCountry "BAR"]
[EventCategory "2"]
[SourceTitle "CBM 148 Extra"]
[Source "ChessBase"]
[SourceDate "2012.06.22"]
[SourceVersion "1"]
[SourceVersionDate "2012.06.22"]
[SourceQuality "1"]

1. e4 c5 2. Nf3 d6 3. d4 cxd4 4. Nxd4 Nf6 5. Nc3 a6 6. Be3 e5 7. Nb3 Be7 8. f3 Be6 9. Qd2 Nbd7 10. 0-0-0 0-0 11. g4 b5 12. g5 b4 13. Ne2 Ne8 14. f4 a5 15. f5 a4 16. fxe6 axb3 17. cxb3 fxe6 18. Kb1 Ra5 19. Bh3 Nc7 20. Qxb4 Qa8 21. Qc4 Kh8 22. Nc3 Rc8 23. Bxe6 Nb5 24. Qd3 Nxc3+ 25. bxc3 Rxa2 26. b4 Ra3 27. Rc1 Qa4 28. Kb2 Ra8 29. Rb1 d5 30. Bxd5 Bxb4 31. Qc2 Ra2+ 32. Bxa2 Qa3+ 33. Ka1 Bxc3+ 34. Qxc3 Qxa2# 0-1

[Event "Olympiad-39"]
[Site "Khanty-Mansiysk"]
[Date "2010.10.03"]
[Round "11.2"]
[White "Pascoal, Eduardo A"]
[Black "Farley, Terry"]
[Result "1-0"]
[WhiteElo "2205"]
[BlackElo "2231"]
[PlyCount "56"]
[EventDate "2010.09.21"]
[EventType "team-swiss"]
[EventRounds "11"]
[EventCountry "RUS"]
[SourceTitle "CBM 139"]
[Source "ChessBase"]
[SourceDate "2010.11.18"]
[SourceVersion "1"]
[SourceVersionDate "2010.11.18"]
[SourceQuality "1"]
[WhiteTeam "Angola"]
[BlackTeam "Barbados"]
[WhiteTeamCountry "ANG"]
[BlackTeamCountry "BAR"]

1. d4 Nf6 2. Nf3 g6 3. Bg5 Bg7 4. Nbd2 d6 5. e4 0-0 6. c3 Bg4 7. Bd3 c6 8. 0-0 Nbd7 9. h3 Bxf3 10. Nxf3 e5 11. Qd2 Re8 12. Rfe1 Qc7 13. Bh6 Bh8 14. Ng5 d5 15. exd5 cxd5 16. dxe5 Nxe5 17. Be2 Qb6 18. Bf3 Rad8 19. Rad1 Ne4 20. Bxe4 dxe4 21. Qc2 f5 22. Rd4 Nd3 23. b4 Rxd4 24. Qb3+ Re6 25. cxd4 Bxd4 26. Nxe6 Bxf2+ 27. Kf1 Bxe1 28. Nc5+ Kh8 1-0

[Event "Olympiad-39"]
[Site "Khanty-Mansiysk"]
[Date "2010.10.01"]
[Round "10.2"]
[White "Farley, Terry"]
[Black "Macias Murillo, Bryan"]
[Result "0-1"]
[WhiteElo "2231"]
[BlackElo "2377"]
[PlyCount "60"]
[EventDate "2010.09.21"]
[EventType "team-swiss"]
[EventRounds "11"]
[EventCountry "RUS"]
[SourceTitle "CBM 139"]
[Source "ChessBase"]
[SourceDate "2010.11.18"]
[SourceVersion "1"]
[SourceVersionDate "2010.11.18"]
[SourceQuality "1"]
[WhiteTeam "Barbados"]
[BlackTeam "Ecuador"]
[WhiteTeamCountry "BAR"]
[BlackTeamCountry "ECU"]

1. d4 Nf6 2. Nf3 e6 3. e3 c5 4. Bd3 b6 5. 0-0 Bb7 6. c4 Be7 7. Nc3 a6 8. b3 cxd4 9. exd4 d5 10. Bb2 0-0 11. Qe2 Nc6 12. Rad1 Re8 13. Bb1 Rc8 14. Ne5 dxc4 15. bxc4 Bf8 16. Rfe1 Qc7 17. Qe3 g6 18. f4 Red8 19. Kh1 Nh5 20. Be4 Bh6 21. g3 Na5 22. Na4 Nf6 23. d5 Nxe4 24. Ng4 Bg7 25. Bxg7 Kxg7 26. Qxe4 Nxc4 27. Nc3 Qc5 28. Rd4 exd5 29. Qd3 Nb2 30. Qe3 Re8 0-1

[Event "Olympiad-39"]
[Site "Khanty-Mansiysk"]
[Date "2010.09.23"]
[Round "3.2"]
[White "Markov, Mikhail2222"]
[Black "Farley, Terry"]
[Result "0-1"]
[WhiteElo "2261"]
[BlackElo "2231"]
[PlyCount "106"]
[EventDate "2010.09.21"]
[EventType "team-swiss"]
[EventRounds "11"]
[EventCountry "RUS"]
[SourceTitle "CBM 139"]
[Source "ChessBase"]
[SourceDate "2010.11.18"]
[SourceVersion "1"]
[SourceVersionDate "2010.11.18"]
[SourceQuality "1"]
[WhiteTeam "Kyrgyzstan"]
[BlackTeam "Barbados"]
[WhiteTeamCountry "KGZ"]
[BlackTeamCountry "BAR"]

1. c4 Nf6 2. Nf3 g6 3. g3 Bg7 4. Bg2 d6 5. 0-0 e5 6. d4 Nbd7 7. Nc3 0-0 8. Qc2 Re8 9. Rd1 exd4 10. Nxd4 a6 11. b3 Rb8 12. h3 h6 13. Bb2 c5 14. Nf3 Qe7 15. a4 b6 16. Rd2 Bb7 17. Rad1 Ne4 18. Nxe4 Bxe4 19. Qc1 Bxb2 20. Qxb2 d5 21. cxd5 Qd6 22. Ne1 Bxg2 23. Nxg2 Nf6 24. Qc2 b5 25. axb5 axb5 26. Rc1 Ne4 27. Rd3 Rbc8 28. Re1 Qe5 29. Ne3 h5 30. d6 Qf6 31. f3 Nxd6 32. Nd5 Qe5 33. f4 Qf5 34. Kh2 c4 35. bxc4 bxc4 36. Rd2 c3 37. Rd3 Ne4 38. Rd4 Nxg3 39. e4 Nxe4 40. Rdxe4 Rxe4 41. Qxe4 Qxe4 42. Nf6+ Kg7 43. Nxe4 Re8 44. Kg3 f5 45. Rc1 fxe4 46. Rxc3 e3 47. Rc1 Kf6 48. Kf3 e2 49. Re1 Kf5 50. Rxe2 Rxe2 51. Kxe2 Kxf4 52. Kf2 h4 53. Kg2 Ke3 0-1